Catálogo público

Café Nogueras en Comala, Colima / (Record no. 176813)

MARC details
000 -CABECERA
campo de control de longitud fija 02053nam a2200421Ia 4500
001 - NÚMERO DE CONTROL
campo de control dia_5855
003 - IDENTIFICADOR DEL NÚMERO DE CONTROL
campo de control CHAP
005 - FECHA Y HORA DE LA ÚLTIMA TRANSACCIÓN
campo de control 20250207134539.0
007 - CAMPO FIJO DE DESCRIPCIÓN FÍSICA--INFORMACIÓN GENERAL
campo de control de longitud fija ta
008 - DATOS DE LONGITUD FIJA--INFORMACIÓN GENERAL
campo de control de longitud fija 220117s2014 mx bdeofr 001 0 spa d
040 ## - FUENTE DE LA CATALOGACIÓN
Centro/agencia transcriptor CHAP
Centro catalogador/agencia de origen mxchpua
090 ## - LOCALMENTE ASIGNADO TIPO-LC NÚMERO DE CLASIFICACIÓN (OCLC); NÚMERO DE CLASIFICACIÓN LOCAL (RLIN)
Número de clasificación (OCLC) (R) ; Numero de clasificación, CALL (RLIN) (NR) T.C.662
Número cutter local (OCLC) ; Número de libro/Signatura topográfica íntegra, CALL (RLIN) P47 EIUPA
Año 2014
245 10 - MENCIÓN DE TÍTULO
Título Café Nogueras en Comala, Colima /
Mención de responsabilidad, etc. coordinador Juan Pérez Barrón ; colaboradores David Ángel Ángel...[et al.]
260 ## - PUBLICACIÓN, DISTRIBUCIÓN, ETC.
Lugar de publicación, distribución, etc. México :
Nombre del editor, distribuidor, etc. El autor,
Fecha de publicación, distribución, etc. 2014
300 ## - DESCRIPCIÓN FÍSICA
Extensión 75 hojas :
Otras características físicas mapas, gráficas, diagramas, tablas, fotos, planos +
Material acompañante/anejo 1 CD-ROM
336 ## - TIPO DE CONTENIDO
Fuente rdacontent
Término de tipo de contenido texto
Código de tipo de contenido txt
337 ## - TIPO DE MEDIO
Fuente rdamedia
Nombre/término del tipo de medio no mediado
Código del tipo de medio n
338 ## - TIPO DE SOPORTE
Fuente rdacarrier
Nombre/término del tipo de soporte volumen
Código del tipo de soporte nc
500 ## - NOTA GENERAL
Nota general 7° año Grupo 5 --<br/>El CD contiene planos y reporte.
502 ## - NOTA DE TESIS
Nota de tesis Viaje de estudios
Tipo de título (EIUPA) --
Nombre de la institución que otorga el título UACh. Departamento de Ingeniería Agroindustrial,
Año de obtención del título 2014
504 ## - NOTA DE BIBLIOGRAFÍA, ETC.
Nota de bibliografía, etc. Bibliografía: hoja 73
505 ## - NOTA DE CONTENIDO CON FORMATO
Nota de contenido con formato 3 planos --<br/>1. Plano de distribución de áreas (Esc. 1:100) --<br/>2. Diagrama de recorrido del producto 1 (Esc. 1:100) -- <br/>3. Diagrama de recorrido del producto 2 (Esc. 1:100)
650 10 - PUNTO DE ACCESO ADICIONAL DE MATERIA--TÉRMINO DE MATERIA
Término de materia o nombre geográfico como elemento de entrada Productos del café
Subdivisión general Industria y comercio
Subdivisión geográfica México
9 (RLIN) 159558
650 10 - PUNTO DE ACCESO ADICIONAL DE MATERIA--TÉRMINO DE MATERIA
Término de materia o nombre geográfico como elemento de entrada Coffee products
Subdivisión general Industry and trade
Subdivisión geográfica Mexico
9 (RLIN) 159557
700 1# - PUNTO DE ACCESO ADICIONAL--NOMBRE DE PERSONA
9 (RLIN) 148338
Nombre de persona Pérez Barrón, Juan
Término indicativo de función/relación coordinador
700 1# - PUNTO DE ACCESO ADICIONAL--NOMBRE DE PERSONA
9 (RLIN) 189011
Nombre de persona Ángel Ángel, David
Término indicativo de función/relación colaborador
856 42 - LOCALIZACIÓN Y ACCESO ELECTRÓNICOS
Identificador Uniforme del Recurso <a href="http://10.13.5.2/ve/TC662EIUPA/TC662EIUPA2014-PLANO-DISTRIBUCIONDEAREAS.pdf">http://10.13.5.2/ve/TC662EIUPA/TC662EIUPA2014-PLANO-DISTRIBUCIONDEAREAS.pdf</a>
Texto de enlace DESCARGAR PLANO DE DISTRIBUCIÓN DE ÁREAS
856 42 - LOCALIZACIÓN Y ACCESO ELECTRÓNICOS
Identificador Uniforme del Recurso <a href="http://10.13.5.2/ve/TC662EIUPA/TC662EIUPA2014-PLANO-DIAGRAMADERECORRIDO,COBERTIZO.pdf">http://10.13.5.2/ve/TC662EIUPA/TC662EIUPA2014-PLANO-DIAGRAMADERECORRIDO,COBERTIZO.pdf</a>
Texto de enlace DESCARGAR DIAGRAMA DE RECORRIDO DEL PRODUCTO 1
856 42 - LOCALIZACIÓN Y ACCESO ELECTRÓNICOS
Identificador Uniforme del Recurso <a href="http://10.13.5.2/ve/TC662EIUPA/TC662EIUPA2014-PLANO-DIAGRAMADERECORRIDO.pdf">http://10.13.5.2/ve/TC662EIUPA/TC662EIUPA2014-PLANO-DIAGRAMADERECORRIDO.pdf</a>
Texto de enlace DESCARGAR DIAGRAMA DE RECORRIDO DEL PRODUCTO 2
856 42 - LOCALIZACIÓN Y ACCESO ELECTRÓNICOS
Identificador Uniforme del Recurso <a href="http://10.13.5.2/ve/TC662EIUPA/TC662EIUPA2014-REPORTE.pdf">http://10.13.5.2/ve/TC662EIUPA/TC662EIUPA2014-REPORTE.pdf</a>
Texto de enlace DESCARGAR REPORTE
942 ## - ELEMENTOS DE PUNTO DE ACCESO ADICIONAL (KOHA)
Fuente del sistema de clasificación o colocación Clasificación Universidad Autónoma de Chapingo
901 ## - ELEMENTOS DE DATOS A LOCAL LDA (RLIN)
a T.C.662 P47 EIUPA 2014
902 ## - ELEMENTOS DE DATOS B LOCAL, LDB (RLIN)
a M
905 ## - ELEMENTOS DE DATOS E LOCAL, LDE (RLIN)
a 5232272014 mx emdl8223123322spa16
942 ## - ELEMENTOS DE PUNTO DE ACCESO ADICIONAL (KOHA)
Tipo de ítem Koha Viaje de Estudios
Holdings
Estado de retiro Estado de pérdida Fuente del sistema de clasificación o colocación Estado dañado Restricciones de uso No para préstamo Código de colección Localización permanente Ubicación/localización actual Fecha de adquisición Fuente de adquisición Total de préstamos Signatura topográfica completa Código de barras Fecha visto por última vez Número de copia Precio válido a partir de Tipo de ítem Koha Ubicación en estantería
    Clasificación Universidad Autónoma de Chapingo   Préstamo interno   Viajes de Estudio Ingenieria Agroindustrial Ingenieria Agroindustrial 18/01/2022 El autor   T.C.662 P47 EIUPA 2014 1106009013 18/01/2022 Ej. 2 18/01/2022 CD  
    Clasificación Universidad Autónoma de Chapingo   Préstamo interno   Viajes de Estudio Ingenieria Agroindustrial Ingenieria Agroindustrial 18/01/2022 El autor   T.C.662 P47 EIUPA 2014 1106009012 26/01/2026 Ej. 1 18/01/2022 Viaje de Estudios  
    Clasificación Universidad Autónoma de Chapingo       Viajes de estudio - En línea Ingenieria Agroindustrial Ingenieria Agroindustrial 24/04/2024 El autor   T.C.662 P47 EIUPA 2014 1206009012 24/04/2024   24/04/2024 Viajes de Estudio - En línea En línea